The Alchemist / (Record no. 5917)

MARC details
000 -LEADER
fixed length control field 00571nam a22002057a 4500
003 - CONTROL NUMBER IDENTIFIER
control field GBCCL
005 - DATE AND TIME OF LATEST TRANSACTION
control field 20241126110552.0
008 - FIXED-LENGTH DATA ELEMENTS--GENERAL INFORMATION
fixed length control field 180417b ||||| |||| 00| 0 eng d
040 ## - CATALOGING SOURCE
Transcribing agency gbc
082 ## - DEWEY DECIMAL CLASSIFICATION NUMBER
Classification number 822.33
Item number JON
100 ## - MAIN ENTRY--PERSONAL NAME
Personal name Jonson, Benjamin
9 (RLIN) 10708
245 ## - TITLE STATEMENT
Title The Alchemist /
Statement of responsibility, etc. Benjamin Johnson
250 ## - EDITION STATEMENT
Edition statement Ind. impression,reprinted
260 ## - PUBLICATION, DISTRIBUTION, ETC.
Place of publication, distribution, etc. Bombay:
Name of publisher, distributor, etc. Oxford University Press,
Date of publication, distribution, etc. 1991
300 ## - PHYSICAL DESCRIPTION
Extent 223 p.;
Dimensions 18 cm.
650 ## - SUBJECT ADDED ENTRY--TOPICAL TERM
Topical term or geographic name entry element London
Form subdivision Drama
9 (RLIN) 10709
650 ## - SUBJECT ADDED ENTRY--TOPICAL TERM
Topical term or geographic name entry element Alchemist
Form subdivision Drama
9 (RLIN) 10710
650 ## - SUBJECT ADDED ENTRY--TOPICAL TERM
Topical term or geographic name entry element City and town life
Form subdivision Drama
9 (RLIN) 10711
942 ## - ADDED ENTRY ELEMENTS (KOHA)
Source of classification or shelving scheme Dewey Decimal Classification
Koha item type Books
Holdings
Withdrawn status Lost status Source of classification or shelving scheme Damaged status Not for loan Home library Current Library Shelving location Date acquired Total checkouts Full call number Barcode Date last seen Copy number Price effective from Koha item type
    Dewey Decimal Classification     GRACE BIBLE COLLEGE GRACE BIBLE COLLEGE General Studies 2018-04-17   822.33 JON 006216 2025-05-01 c.1 2018-04-17 Books
© Grace Bible College Library 2025